Words That Begin with 'KN' Quiz Stats

Quiz Updated May 18, 2015

Challenge
Share
Tweet
Embed
Score 0/18 Timer 05:00
2 Plays Today
Clue Answer % Correct
The middle of your legKnee
99.6%
Object with a sharp bladeKnife
98.9%
Soldier wearing a suit of armorKnight
96.2%
Round handle on a doorKnob
95.8%
To mix dough vigorouslyKnead
92.3%
Basketball team in New YorkKnicks
90.2%
To make using wool and sticksKnit
89.5%
The joint of a fingerKnuckles
86.8%
Short trousers or women's undergarmentsKnickers
86%
Clue Answer % Correct
Bag carried on shoulder or backKnapsack
84%
Hard hit with your handKnockout
80.1%
Acquaintance with factsKnowledge
71.6%
Small decorative objectKnickknack
69%
Low, round hillKnoll
67.3%
City in eastern TennesseeKnoxville
66.8%
Cow hitch, bowline e.g.Knot
57%
A dishonest manKnave
44%
An Eastern European dumpling-like snackKnish
24.6%

You're not logged in!

Compare scores with friends on all Sporcle quizzes.
Sign Up with Email
OR
Log In

You Might Also Like...

Show Comments

Extras

Top Quizzes Today


Score Distribution

Your Account Isn't Verified!

In order to create a playlist on Sporcle, you need to verify the email address you used during registration. Go to your Sporcle Settings to finish the process.